Least runs scored by Top Order in an innings IPL 2023 - Statistics

General Stats
  • This quiz has been taken 37 times
  • The average score is 14 of 24
Answer Stats
Team Opposition Score Combined Score Player % Correct
Mumbai Indians Chennai Super Kings 0 (3) 13 Rohit Sharma
97%
Mumbai Indians Royal Challengers Bangalore 1 (10) 16 Rohit Sharma
97%
Rajasthan Royals Royal Challengers Bangalore 4 (5) 4 Sanju Samson
97%
Sunrisers Hyderabad Gujarat Titans 5 (5) 20 Abhishek Sharma
90%
Rajasthan Royals Royal Challengers Bangalore 0 (2) 4 Yashasvi Jaiswal
90%
Mumbai Indians Chennai Super Kings 7 (9) 13 Ishan Kishan
87%
Mumbai Indians Royal Challengers Bangalore 10 (13) 16 Ishan Kishan
87%
Delhi Capitals Gujarat Titans 2 (2) 12 David Warner
83%
Delhi Capitals Royal Challengers Bangalore 19 (13) 19 David Warner
83%
Rajasthan Royals Royal Challengers Bangalore 0 (2) 4 Jos Buttler
83%
Gujarat Titans Mumbai Indians 6 (9) 12 Shubman Gill
83%
Delhi Capitals Royal Challengers Bangalore 0 (2) 19 Prithvi Shaw
67%
Gujarat Titans Mumbai Indians 2 (5) 12 Wriddhiman Saha
60%
Gujarat Titans Mumbai Indians 4 (3) 12 Hardik Pandya
53%
Sunrisers Hyderabad Gujarat Titans 10 (10) 20 Aiden Markram
43%
Lucknow Super Giants Royal Challengers Bangalore 14 (11) 18 Krunal Pandya
43%
Lucknow Super Giants Royal Challengers Bangalore 0 (2) 18 Kyle Mayers
20%
Delhi Capitals Royal Challengers Bangalore 0 (4) 19 Mitchell Marsh
20%
Delhi Capitals Gujarat Titans 0 (1) 12 Phil Salt
17%
Sunrisers Hyderabad Gujarat Titans 5 (4) 20 Anmolpreet Singh
13%
Mumbai Indians Chennai Super Kings 6 (4) 13 Cameron Green
13%
Mumbai Indians Royal Challengers Bangalore 5 (4) 16 Cameron Green
13%
Lucknow Super Giants Royal Challengers Bangalore 4 (11) 18 Ayush Badoni
10%
Delhi Capitals Gujarat Titans 10 (14) 12 Priyam Garg
3%
No matching quizzes found
Score Distribution
Percent of People with Each Score
Percentile by Number Answered
Your Score History
You have not taken this quiz